| 000 | 00616nam a2200205Ia 4500 | ||
|---|---|---|---|
| 003 | GCL | ||
| 008 | 140319s9999 xx 000 0 ara d | ||
| 040 |
_aGCL / _cGCL |
||
| 082 | 0 | 4 |
_a944.04 _bم ث |
| 100 | 1 | _aمحمد صبرى | |
| 245 | 1 | 0 |
_aالثورة الفرنسية ونابليون / _cمحمد صبرى |
| 250 | _aالاولى | ||
| 260 |
_aالقاهرة : _bدار الكتب المصرية ، _c1927 |
||
| 300 |
_a304 ص ؛ _c20 سم |
||
| 490 | _a | ||
| 650 | 0 | 4 | _aنابليون بونابرت |
| 650 | 0 | 4 | _aالثورة الفرنسية |
| 650 | 0 | 4 | _aفرنسا, تاريخ |
| 942 |
_2ddc _cBK |
||
| 999 |
_c58637 _d58637 |
||